000 00735nam a2200205 i 4500
001 164793
003 ES-MaACL
005 20230906213016.0
008 950206s1894 sp a |||| | spa d
040 _aGA
_bspa
_cCCPB | PA2
100 1 _aSaralegui y Medina, Leandro de.
_9132473
245 1 0 _aEstudios sobre la época céltica en Galicia /
_cpor Leandro de Saralegui y Medina.
250 _a3" ed.
260 _aFerrol :
_b[s.n.],
_c1894 (
_fImprenta y Libreria de R. Pita)
300 _aXXII, 288 p. :
_bil. ;
_c24 cm.
650 0 4 _aCeltas-
_zGalicia.
_910870
651 4 _aGalicia-
_xHistoria-
_yHasta S.V.
_98732
651 4 _aGalicia-
_xRestos arqueológicos.
_98737
852 _aES-MaACL
_jG-8493
_xOlim: G-6952
_z-- Enc. hol.
999 _c164793
_d164793